| 000 | 00622nam a2200193Ia 4500 | ||
|---|---|---|---|
| 008 | 210417s9999 xx 000 0 und d | ||
| 020 | _a9780749459611 | ||
| 020 | _b749459611 | ||
| 082 | _a659.202854678 BRO | ||
| 082 | _b2.659.202854678BRO | ||
| 245 | 0 | _aPublic relations and the social web : using social media and Web 2.0 in communications | |
| 245 | 0 | _cPublic relations and the social web using social media and Web 20 in communications | |
| 250 | _b"x, 182 p. ; 25 cm.,pbk." | ||
| 260 | _aLondon ; Philadelphia | ||
| 260 | _bKogan Page | ||
| 260 | _c2009 | ||
| 700 | _a"Brown, Rob" | ||
| 700 | _bRob Brown. | ||
| 999 |
_c465012 _d465012 |
||